Phân tích các yếu tố ảnh hưởng đến khả năng tiếp cận vốn tín dụng tiêu dùng cá nhân tại các ngân hàng thương mại trên địa bàn Thành phố Cần Thơ : Luận văn Thạc sĩ Kinh tế. Chuyên ngành Tài chính - Ngân hàng

Phân tích các yếu tố ảnh hưởng đến khả năng tiếp cận nguồn vốn tín dụng tiêu dùng cá nhân tại các ngân hàng thương mại trên địa bàn thành phố Cần Thơ. Đề ra một số giải pháp nhằm nâng cao khả năng tiếp cận vốn tín dụng tiêu dùng cá...

Full beskrivning

Sparad:
Bibliografiska uppgifter
Huvudupphovsman: Nguyễn, Thị Thanh Nhàn
Materialtyp: Bok
Språk:Undetermined
Publicerad: Cần Thơ Trường Đại học Cần Thơ 2017
Ämnen:
Taggar: Lägg till en tagg
Inga taggar, Lägg till första taggen!
Thư viện lưu trữ: Trung tâm Học liệu Trường Đại học Cần Thơ
LEADER 01434nam a2200217Ia 4500
001 CTU_221509
008 210402s9999 xx 000 0 und d
082 |a 332.1 
082 |b Nh105 
088 |a 60340201 
100 |a Nguyễn, Thị Thanh Nhàn 
245 0 |a Phân tích các yếu tố ảnh hưởng đến khả năng tiếp cận vốn tín dụng tiêu dùng cá nhân tại các ngân hàng thương mại trên địa bàn Thành phố Cần Thơ : 
245 0 |b Luận văn Thạc sĩ Kinh tế. Chuyên ngành Tài chính - Ngân hàng 
245 0 |c Nguyễn Thị Thanh Nhàn ; Lê Tấn Nghiêm (Cán bộ hướng dẫn) 
260 |a Cần Thơ 
260 |b Trường Đại học Cần Thơ 
260 |c 2017 
520 |a Phân tích các yếu tố ảnh hưởng đến khả năng tiếp cận nguồn vốn tín dụng tiêu dùng cá nhân tại các ngân hàng thương mại trên địa bàn thành phố Cần Thơ. Đề ra một số giải pháp nhằm nâng cao khả năng tiếp cận vốn tín dụng tiêu dùng cá nhân tại các ngân hàng thương mại trên địa bàn thành phố Cần Thơ. 
650 |a Bank loans,Vay vốn ngân hàng 
904 |i My,Hải 
980 |a Trung tâm Học liệu Trường Đại học Cần Thơ